000 00276nam a22001217a 4500
008 171130b xxu||||| |||| 00| 0 eng d
041 _aeng
080 _a316
100 _a50
101 _aSOC
245 _aHOMELESSNESS IN AMERICA, 1893-1992
_cWHITLOCK.R.V
942 _2udc
_cBK
999 _c38623
_d38623